000 00254nam a2200097Ia 4500
001 693073
005 20250826161907.0
008 250824s9999 xx 000 0 und d
245 0 _aYAŞADIĞIM İSTANBUL/S.İLERİ/EVEREST
_cSELİM İLERİ
260 _bEVEREST
999 _c693073
_d693073